Wind Energy Exolaied Theoy Design And Application (Record no. 1133)
[ view plain ]
| 000 -LEADER | |
|---|---|
| fixed length control field | 00366nam a22001577a 4500 |
| 020 ## - INTERNATIONAL STANDARD BOOK NUMBER | |
| International Standard Book Number | 978-0-47001-500-1 |
| 041 ## - LANGUAGE CODE | |
| Language code of text/sound track or separate title | ENG |
| 100 ## - MAIN ENTRY--PERSONAL NAME | |
| Personal name | Manwell.J,F |
| 245 ## - TITLE STATEMENT | |
| Title | Wind Energy Exolaied Theoy Design And Application |
| 250 ## - EDITION STATEMENT | |
| Edition statement | Second ED |
| 260 ## - PUBLICATION, DISTRIBUTION, ETC. (IMPRINT) | |
| Place of publication, distribution, etc | Delhi |
| Name of publisher, distributor, etc | Wiley |
| Date of publication, distribution, etc | 2011 |
| 300 ## - PHYSICAL DESCRIPTION | |
| Extent | 689 |
| 650 ## - SUBJECT ADDED ENTRY--TOPICAL TERM | |
| Topical term or geographic name as entry element | EOES |
| 700 ## - ADDED ENTRY--PERSONAL NAME | |
| Personal name | Mcgowan .J.G |
| 856 ## - ELECTRONIC LOCATION AND ACCESS | |
| Uniform Resource Identifier | EOES ( 11 ) |
| Withdrawn status | Lost status | Source of classification or shelving scheme | Damaged status | Not for loan | Home library | Current library | Shelving location | Date acquired | Cost, normal purchase price | Total Checkouts | Barcode | Date last seen | Price effective from | Koha item type | Date checked out |
|---|---|---|---|---|---|---|---|---|---|---|---|---|---|---|---|
| Dewey Decimal Classification | College of Agricultural Engineering and Technology, Dapoli , Library | College of Agricultural Engineering and Technology, Dapoli , Library | Book Cart | 16/09/2021 | 5190.00 | 005500 | 16/09/2021 | 16/09/2021 | Books | ||||||
| Dewey Decimal Classification | College of Agricultural Engineering and Technology, Dapoli , Library | College of Agricultural Engineering and Technology, Dapoli , Library | Book Cart | 16/09/2021 | 5190.00 | 1 | 005501 | 12/03/2025 | 16/09/2021 | Books | 25/02/2025 |